000 00349nam a2200145Ia 4500
005 20251222140051.0
008 251222s1900||||xx |||||||||||||| ||spa||
020 _a968-16-0067-3
082 _a108/B64
100 _aBloch, Marc
245 0 _aIntroducción a la Historia
250 _a2a.ed.
264 _bFondo de Cultura Económica
942 _cLIB
999 _c3613
_d3613